| 000 | 00962nam a22002537a 4500 | ||
|---|---|---|---|
| 001 | 79540 | ||
| 003 | BD-RjUL | ||
| 005 | 20220421131928.0 | ||
| 008 | 220310s1989 bg a|||| m||| 00| 0 eng d | ||
| 035 | _a(BD-RjUL)79540 | ||
| 040 |
_aBD-RjUL _beng _cBD-RjUL _dBD-RjUL |
||
| 041 | _aeng | ||
| 082 |
_223 _a324.9 _bZIS 1989 |
||
| 100 |
_aZiauddin, Syed Mohammad. _91812 |
||
| 245 | 1 | 0 |
_aA Study of some psychological dimensions of voting behaviour with special reference to Bangladesh / _cby Syed Mohammad Ziauddin ; _6Supervisor: Shawkat Ara |
| 260 |
_aRajshahi : _bDepartment of psychology, University of Rajshahi, _c1989 |
||
| 300 |
_av, 259 leavea : _bill, ; _c29. cm. |
||
| 502 | _aThesis (Ph. D.) -- Department of psychology, University of Rajshahi, 1989 | ||
| 504 | _aBibliography : Leaves 236 - 259 | ||
| 650 |
_aVoting _xPsychological aspects _92646 |
||
| 650 |
_aVoting _zBangladesh _92647 |
||
| 700 |
_aAra,Shawkat, Supervisor _91814 |
||
| 942 |
_2ddc _cTHE |
||
| 999 |
_c79540 _d79540 |
||